القيم الأسرية : (Record no. 15891)
[ view plain ]
| 000 -الفاتح | |
|---|---|
| حقل البيانات ثابتة الطول | 00971nam a22002177a 4500 |
| 008 - عناصر البيانات ثابتة الطول - معلومات عامة | |
| حقل البيانات ثابتة الطول | 110822s2002 ua||||| |||| 00| 0 ara d |
| 020 ## - الرقم الدولى المعيارى للكتب | |
| الرقم الدولى المعيارى للكتاب | 977344015x |
| 082 ## - رقم تصنيف ديوى العشرى | |
| رقم الطبعة | 22 |
| رقم التصنيف | 306.85 |
| رقم المادة | م ر س |
| 100 1# - المدخل الرئيسى - إسم شخصى | |
| 9 (RLIN) | 26842 |
| الإسم الشخصى | المرسى ، الصفصافى أحمد |
| 245 ## - بيان العنوان | |
| العنوان | القيم الأسرية : |
| بقية العنوان | بين الأصالة والمعاصرة / |
| بيان المسئوليه,etc | الصفصافى أحمد المرسى |
| 260 ## - PUBLICATION, DISTRIBUTION, ETC. (IMPRINT) | |
| مكان الناشر او الموزع | القاهرة : |
| اسم الناشر او الموزع | دار الآفاق العربية ، |
| تاريخ النشر أو التوزيع | 2002. |
| 300 ## - الوصف المادى | |
| التعداد | 335 ص ؛ |
| أبعاد الوعاء | 24 سم. |
| 504 ## - تبصرة ببليوجرافية | |
| تبصرة ببليوجرافية,الخ | يشتمل على إرجاعات ببليوجرافية 323 - 331 |
| 650 #0 - المدخل الاضافى بالموضوع-مصطلح موضوعى | |
| 9 (RLIN) | 13554 |
| مصطلح موضوعي أو اسم جغرافي كعنصر مدخل | القيم الاجتماعية |
| 650 #0 - المدخل الاضافى بالموضوع-مصطلح موضوعى | |
| 9 (RLIN) | 26843 |
| مصطلح موضوعي أو اسم جغرافي كعنصر مدخل | القيم الاخلاقية |
| 650 #0 - المدخل الاضافى بالموضوع-مصطلح موضوعى | |
| 9 (RLIN) | 26844 |
| مصطلح موضوعي أو اسم جغرافي كعنصر مدخل | الاسرة |
| 650 #0 - المدخل الاضافى بالموضوع-مصطلح موضوعى | |
| 9 (RLIN) | 17077 |
| مصطلح موضوعي أو اسم جغرافي كعنصر مدخل | العلاقات الأسرية |
| 653 ## - مصطلح تكشيفى غير مقيد | |
| Resource For college | |
| Arrived date list | August2011 |
| 942 ## - عناصر المدخل الإضافي( كوها) | |
| مصدر التصنيف او مخطط الترفيف | Dewey Decimal Classification |
| Koha [default] item type | Book - Borrowing |
| حالة التراجع | حالة الفقد | مصدر التصنيف او خطة الترفيف | حالة تلف | ليس للاعارة | مجموعات كوها | المكان الدائم | المكان الحالي | موقع الترفيف | تاريخ الاكتساب | Source of acquisition | رقم الاستدعاء | الباركود | Date last seen | نوع الوعاء |
|---|---|---|---|---|---|---|---|---|---|---|---|---|---|---|
| Dewey Decimal Classification | Alef-Baa | Central Library | Central Library | First floor | 22/08/2011 | 306.85 م ر س | 000024582 | 15/07/2025 | Book - Borrowing |